ر و ز گا ر گا ر نٹی قا نو ن / (Record no. 73674)

MARC details
000 -LEADER
fixed length control field 01089nam a22002777a 4500
005 - DATE AND TIME OF LATEST TRANSACTION
control field 20100826122442.0
008 - FIXED-LENGTH DATA ELEMENTS--GENERAL INFORMATION
fixed length control field 090109t xxu||||| |||| 00| 0urd d
010 ## - LCCN (DPL NO)
LC control number UR-8356
020 ## - INTERNATIONAL STANDARD BOOK NUMBER
Terms of availability 12.00
International Standard Book Number 978-81-237-4974-7
035 ## - SYSTEM CONTROL NUMBER
System control number U-6911
037 ## - SOURCE OF ACQUISITION
Source of stock number/acquisition DBAD/PUB
040 ## - CATALOGING SOURCE
Original cataloging agency DPL
Language of cataloging urdu
082 ## - DEWEY DECIMAL CLASSIFICATION NUMBER
Classification number 344.4501
100 ## - MAIN ENTRY--PERSONAL NAME
9 (RLIN) 12785
Personal name نکھیل ڈ ے
245 ## - TITLE STATEMENT
Title ر و ز گا ر گا ر نٹی قا نو ن /
Statement of responsibility, etc نکھیل ڈ ے ، جیا ں د ر یز ، ر یتیکا کھیر ا
246 ## - VARYING FORM OF TITLE
Title proper/short title Rozgar Guarantee Adhiniyam Praveshika
Remainder of title by Nikhil Day
260 ## - PUBLICATION, DISTRIBUTION, ETC. (IMPRINT)
Place of publication, distribution, etc د ہلی
Name of publisher, distributor, etc نیشنل بک ٹر سٹ
270 ## - ADDRESS
Address A-5, Green Park
City Delhi
Postal code 110016
300 ## - PHYSICAL DESCRIPTION
Extent 35 ص
Dimensions 22 (Pb)
650 ## - SUBJECT ADDED ENTRY--TOPICAL TERM
9 (RLIN) 12786
700 ## - ADDED ENTRY--PERSONAL NAME
9 (RLIN) 55078
Personal name جیا ں د ر یز
700 ## - ADDED ENTRY--PERSONAL NAME
Personal name ر یتیکا کھیر ا
9 (RLIN) 55152
700 ## - ADDED ENTRY--PERSONAL NAME
Personal name متر جم : ر ضی ا حمد ند و ی
9 (RLIN) 55153
942 ## - ADDED ENTRY ELEMENTS (KOHA)
Source of classification or shelving scheme Dewey Decimal Classification
Item type Urdu Bks
Classification part 344.4501
Call number suffix ن ک ھ
Holdings
Withdrawn status Lost status Source of classification or shelving scheme Damaged status Not for loan Collection code Home library Current library Date acquired Source of acquisition Cost, normal purchase price Total Checkouts Full call number Barcode Date last seen Copy number Cost, replacement price Koha item type
    Dewey Decimal Classification     Non-fiction D.B.Act.Division D.B.Act.Division 18/02/2013 DBAD/PUB 16.00   344.4501 ن ک ھ U-6911 18/02/2013 1 16.00 Urdu Bks

© Delhi Public Library
Hit Counter
free hit counter